Best Selling Non-American Musical Acts in America - Statistics

General Stats
  • This quiz has been taken 107 times
  • The average score is 9 of 23
Answer Stats
Units Nationality Artist % Correct
183 m British The Beatles
93%
66.5 m British The Rolling Stones
80%
52 m Irish U2
74%
75 m Australian AC/DC
73%
112 m British Led Zeppelin
64%
28 m British Adele
59%
43 m British Queen
55%
51 m Canadian Celine Dion
54%
79 m British Elton John
54%
75 m British Pink Floyd
48%
28 m British/Australian Bee Gees
39%
25.5 m Canadian Drake
34%
33.5 m British Phil Collins
32%
26 m Canadian Rush
27%
48 m Canadian Shania Twain
24%
54.5 m British Fleetwood Mac
22%
35.5 m British Def Leppard
19%
24 m Canadian Nickelback
18%
38 m British Rod Stewart
16%
40 m British Eric Clapton
15%
26.5 m Irish Enya
14%
29.75 m British Ozzy Osbourne
13%
23.5 m British Sade
2%
No matching quizzes found
Score Distribution
Percent of People with Each Score
Percentile by Number Answered
Your Score History
You have not taken this quiz